• 首页
  • 本馆介绍
  • 公告通知
  • 最新文献
  • 馆藏检索
  • 电子资源
  • 读者导购
  • 参考咨询
  • 我的图书馆
  • 登录
  • 详细信息显示
  • 放入我的书架
  • 预约/预借图书
  • 作者相关作品
  • 分类相关作品
  • 丛书相关作品
  • 出版社相关作品

书目信息

  • 表格格式
  • 工作单格式
  • 卡片格式
题名:
雪宦绣谱图说
    
 
作者: 沈寿 口述 ;张謇 , 王逸君 整理
分册:  
出版信息: 济南   山东画报出版社  2004
页数: 183页
开本: 25cm
丛书名: 中国古代物质文化经典图说丛书
单 册:
中图分类: J523.6
科图分类:
主题词: 刺绣--工艺美术史--中国--古代
电子资源:
ISBN: 7-80603-916-3
000 01051oam2 2200277 45
001 002594618
005 20050323143401.9
010    @a7-80603-916-3@dCNY30.00
100    @a20040309d2004 em y0chiy0110 ea
101 0  @achi
102    @aCN@b370000
105    @aa z 000yy
200 1  @a雪宦绣谱图说@Axue huan xiu pu tu shuo@f(清)沈寿口述@F(Qing)Shen Shou Kou Shu@g(清)张謇整理@g王逸君译注
210    @a济南@c山东画报出版社@d2004
215    @a183页@d25cm
225 2  @a中国古代物质文化经典图说丛书
300    @a本课题得到国家社科基金单立学科——全国艺术科学“十五”规划资助项目 “中国艺术设计的历史和理论研究”项目的支持
330    @a该书总结了我国自唐宋画绣。明代顾绣以来的刺绣针法。书中译文白话文,并酌配有关图片两百余幅。书后附有《顾绣考》增广见闻。
410    @12001 @a中国古代物质文化经典图说丛书
606 0  @a刺绣@x工艺美术史@y中国@z古代
690    @aJ523.6@v4
701  0 @a沈寿@4口述
702  0 @a张謇@Azhang jian@4整理
702  0 @a王逸君@Awang yi jun@4译注
801  0 @aCN@bNLC@c20040806
905    @f5@b345879-883@dJ523.6@e108
    
    雪宦绣谱图说/(清)沈寿口述/(清)张謇整理/王逸君译注.-济南:山东画报出版社,2004
    183页;25cm.-(中国古代物质文化经典图说丛书)
    本课题得到国家社科基金单立学科——全国艺术科学“十五”规划资助项目 “中国艺术设计的历史和理论研究”项目的支持
    
    ISBN 7-80603-916-3:CNY30.00
    该书总结了我国自唐宋画绣。明代顾绣以来的刺绣针法。书中译文白话文,并酌配有关图片两百余幅。书后附有《顾绣考》增广见闻。
●
相关链接 在E读中查询图书 在五车中查询图书 在当当中查询图书 在豆瓣中查询图书


正题名:雪宦绣谱图说     索取号:J523.6/108         预约/预借

序号 登录号 条形码 馆藏地/架位号 状态 备注
1 0345879   203458793   第一样本阅览室/ [索取号:J523.6/108] 在馆    
2 0345880   203458800   第一借阅区/ [索取号:J523.6/108] 在馆    
3 0345881   203458819   第一借阅区/ [索取号:J523.6/108] 在馆    
4 0345882   203458828   第一借阅区/ [索取号:J523.6/108] 在馆    
5 0345883   203458837   第一借阅区/ [索取号:J523.6/108] 在馆    
唐山师范学院图书馆 欢迎您!
大连网信软件有限公司© 版权所有